00359nam a22001337a 450000500170000000800410001704100130005808200130007110000130008424500430009726000340014030000250017465000260019920240506063401.0240506b |||||||| |||| 00| 0 eng d aEnglish  a349 LAW  lEnglish  aThe Law Report: King's Bench Division  aLondon: bTHE COUNCIL, c1942 b342 pages; c25 cm.  aLegal practice bLaw